| 000 | 01261 a2200217 4500 | ||
|---|---|---|---|
| 001 | 55626 | ||
| 005 | 20260407155829.0 | ||
| 008 | 260407a1969 arg spa d | ||
| 003 | AR-UNSa-BCEJYS | ||
| 040 |
_aAR-UNSa-BCEJYS _bspa _cAR-UNSa-BCEJYS |
||
| 080 |
_a339.9 _xEconomía internacional en general. Relaciones económicas internacionales. Economía mundial |
||
| 245 | 1 | 0 | _aProblemas de la economía mundial |
| 264 | 1 |
_aBarcelona : _bLabor _c1969 |
|
| 300 |
_a185 p. _c19 cm. |
||
| 505 | _a1. Población y recursos humanos - 2. Los productos alimenticios y los excedentes agrícolas en Occidente - 3. Los minerales en el futuro – 4. La energía en la década de 1970 – 5. La industrialización manufacturera: un nuevo modelo en Occidente 7 – 8. Agrupaciones regionales – 9. La planificación económica en Gran Bretaña – 10. La planificación económica en Europa Occidental – 11. Las economías de planificación central – 12. Planificación y recursos en los países de vías de desarrollo – 13. La Commonwealth: ¿evolución o decadencia? - 14. Conclusión: el contexto del futuro. | ||
| 041 | _aspa | ||
| 942 | _cBK | ||
| 590 | _aniveau_biblio:m niveau_hierar:0 | ||
| 100 | 1 | _aBailey, Richard | |
| 700 | 1 | _aMartínez Pujana, Ana | |
| 999 |
_c5970 _d5970 |
||